AYURVEDIC DRUG AND THEIR PLANT SOURCES (Record no. 33077)

MARC details
000 -LEADER
fixed length control field 00333nam a22001457a 4500
003 - CONTROL NUMBER IDENTIFIER
control field SGT
020 ## - INTERNATIONAL STANDARD BOOK NUMBER
International Standard Book Number 978-8-204-0828-4
082 ## - DEWEY DECIMAL CLASSIFICATION NUMBER
Classification number 615
Item number SIV
100 ## - MAIN ENTRY--PERSONAL NAME
Personal name SIVARAJAN, V.V.
245 ## - TITLE STATEMENT
Title AYURVEDIC DRUG AND THEIR PLANT SOURCES
260 ## - PUBLICATION, DISTRIBUTION, ETC. (IMPRINT)
Place of publication, distribution, etc INDIA
Name of publisher, distributor, etc CBS PUB.
Year of Publication 2017
300 ## - PAGE DESCRIPTION
No. of Pages 570
650 ## - SUBJECT ADDED ENTRY--TOPICAL TERM
Topical term or geographic name as entry element AYURVEDIC DRUG
942 ## - ADDED ENTRY ELEMENTS (KOHA)
Source of classification or shelving scheme Dewey Decimal Classification
Koha item type Books
Holdings
Withdrawn status Lost status Source of classification or shelving scheme Damaged status Not for loan Collection code Home library Current library Shelving location Date acquired Vendor Name Cost, normal purchase price SGTU Bill Number Total Checkouts Full call number Accession No. (Barcode) Date last seen Bill Date Koha item type
    Dewey Decimal Classification   Not For Loan SCIENCE SGT Science & Social Sciences Library SGT Science & Social Sciences Library Reference Book 31/10/2025 ABC 850.00 SGTU 21721   615 SIV DP1557 31/10/2025 17/09/2025 Books